Praktikum z jadrovej fyziky a elektroniky

Bibliographic Details
Main Authors: Florek, Matej, 1939- (Author), Kollár, Dušan (doc. Ing., CSc.) (Author), Chudý, Martin (Author), Pavlovič, Peter (Author), Szarka, Ján, 1947- (Author), Vanko, Július (Author)
Format: Book
Language:Slovak
PhysicalDescription:204 s. sch., tab. 29 cm
Published: Bratislava Univerzita Komenského 1982
Edition:1. vyd.
Series:Vysokoškolské skriptá
Subjects:

MARC

LEADER 00000cam a2200000 a 4500
001 vtls001098751
003 SK-MaSNL
005 20260301055533.0
008 240318s1982 xo a e n 00000 slo
015 |a SNBA1982/08 
035 |a SNK000041593 
040 |a SNK  |b slo  |c SNK  |e AACR2 
041 0 |a slo 
044 |a xo  |c SK 
080 |a 539.1+621.38(075.8)(076.5)  |2 1981 
080 |a 621.38(075.8)(076.5)  |2 1981 
100 1 |a Florek, Matej,  |d 1939-  |4 aut  |9 113491 
245 1 0 |a Praktikum z jadrovej fyziky a elektroniky  |c Matej Florek ... [et al.] 
250 |a 1. vyd. 
260 |a Bratislava  |b Univerzita Komenského  |c 1982 
300 |a 204 s.  |b sch., tab.  |c 29 cm 
366 |e 120 výt. 
490 1 |a Vysokoškolské skriptá 
504 |a Bibliogr. odkazy 
650 0 7 |a jadrová fyzika  |2 SNKPH  |9 817 
650 0 7 |a jadrová elektronika  |2 SNKPH  |9 179606 
655 7 |a učebnice vysokých škôl  |2 SNKPH  |9 70191 
655 7 |a praktické cvičenia  |2 SNKPH  |9 70517 
700 1 |a Kollár, Dušan  |c (doc. Ing., CSc.)  |4 aut  |9 39962 
700 1 |a Chudý, Martin  |4 aut  |9 273535 
700 1 |a Pavlovič, Peter  |4 aut  |9 13451 
700 1 |a Szarka, Ján,  |d 1947-  |4 aut  |9 39964 
700 1 |a Vanko, Július  |4 aut  |9 280220 
830 0 |a Vysokoškolské skriptá  |9 276440 
958 |a OND 
958 |a RM 
958 |a UV 
958 |a NB 
999 |c 613579  |d 615509 
952 |a SNK  |b SNK  |y PREZ  |7 0  |p 17A0981842  |o snkSB 34125  |i snkKSP 6614/82  |0 0  |1 0  |4 0  |d 2014-06-06  |f 1  |l 0  |r 2025-04-09 00:00:00  |w 2026-02-23 
952 |a SNK  |b SNK  |y VYP  |7 0  |o snkSB 34125 D1  |i snkKSP 6615/82  |0 0  |1 0  |4 0  |d 2014-06-06  |l 0  |r 2026-02-23 16:30:34  |w 2026-02-23